[Event "Elista Elo-A"]
[Site "Elista"]
[Date "2008.01.09"]
[Round "9"]
[White "Chan, Naruna"]
[Black "Orgaev, Valery"]
[Result "0-1"]
[WhiteElo "1749"]
[BlackElo "1959"]
[PlyCount "58"]
[EventDate "2008.01.03"]
[EventType "tourn"]
[EventRounds "11"]
[EventCountry "RUS"]
[SourceTitle "EXT 2010"]
[Source "ChessBase"]
[SourceDate "2010.11.25"]
[SourceVersion "1"]
[SourceVersionDate "2010.11.25"]
[SourceQuality "1"]

1. d4 Nf6 2. c4 g6 3. g3 Bg7 4. Bg2 d6 5. Nf3 0-0 6. 0-0 Nbd7 7. Nc3 e5 8. d5 a5 9. a4 Nc5 10. Nd2 Bd7 11. e4 Ne8 12. f4 Nd3 13. f5 Nxc1 14. Rxc1 c6 15. Qb3 Qc7 16. g4 f6 17. Rf2 Bh6 18. Re1 Bf4 19. Rxf4 exf4 20. Ne2 g5 21. Kf2 Ng7 22. Rh1 cxd5 23. Kf1 dxc4 24. Nxc4 Kh8 25. e5 dxe5 26. h4 Bc6 27. Bxc6 Qxc6 28. Rh2 f3 29. Ng1 Rac8 0-1